El ferrocarril de Otavi / (Record no. 141038)

MARC details
000 -LEADER
campo de control de longitud fija 00792nam a2200205 i 4500
001 - NÚMERO DE CONTROL
campo de control 141038
003 - IDENTIFICADOR DE NÚMERO DE CONTROL
campo de control ES-MaACL
005 - FECHA Y HORA DE LA ÚLTIMA TRANSACCIÓN
campo de control 20230906200217.0
007 - CAMPO FIJO DE DESCRIPCIÓN FÍSICA--INFORMACIÓN GENERAL
campo de control de longitud fija t|
008 - DATOS DE LONGITUD FIJA--INFORMACIÓN GENERAL
campo de control de longitud fija 070919s1907 sp ||||1| spa d
100 1# - ENTRADA PRINCIPAL--NOMBRE DE PERSONA
Nombre de persona Wechsler, M.
9 (RLIN) 116276
245 13 - MENCIÓN DEL TÍTULO
Título El ferrocarril de Otavi /
Mención de responsabilidad, etc. por el ingeniero M. Wechsler.
260 ## - PUBLICACIÓN, DISTRIBUCIÓN, ETC.
Lugar de publicación, distribución, etc. Madrid :
Nombre del editor, distribuidor, etc. [s.n.],
Fecha de publicación, distribución, etc. 1907 (
Fabricante José Blass y Cía)
300 ## - DESCRIPCIÓN FÍSICA
Extensión 16 p. :
Otras características físicas il. ;
Dimensiones 32 cm.
500 ## - NOTA GENERAL
Nota general Tirada aparte, traducida, de: "Revista de la Asociación de Ingenieros Alemanes", 1907, p. 201.
500 ## - NOTA GENERAL
Nota general En cub. y antep.: El ferrocarril más largo del mundo de vía estrecha, construido por la Casa Arthur Koppel.
650 #4 - PUNTO DE ACCESO ADICIONAL DE MATERIA--TÉRMINO DE MATERIA
Término de materia o nombre geográfico como elemento de entrada Ferrocarriles-
Subdivisión geográfica África.
9 (RLIN) 176219
650 ## - PUNTO DE ACCESO ADICIONAL DE MATERIA--TÉRMINO DE MATERIA
Término de materia o nombre geográfico como elemento de entrada Ferrocarriles de vía estrecha.
9 (RLIN) 170255
852 4# - LOCALIZACIÓN
Ubicación ES-MaACL
Número de control de estantería T-1178-F-11
Holdings
Estatus retirado Estado de pérdida Estado de daño No para préstamo Colección Biblioteca de origen Biblioteca actual Ubicación en estantería Fecha de adquisición Fuente de adquisición Total de préstamos Signatura topográfica completa Código de barras Visto por última vez Precio de reemplazo Tipo de ítem Koha
        Colección de folletos Biblioteca del Ateneo de Madrid Biblioteca del Ateneo de Madrid Depósito folletos 17/01/2008     T-1178-F-11 1146755 23/02/2023 23/02/2023 Folleto